| 000 | 00788nam a22002177a 4500 | ||
|---|---|---|---|
| 999 |
_c16164 _d16164 |
||
| 003 | AR-CdUCM | ||
| 008 | 190502b ||||| |||| 00| 0 spa d | ||
| 040 |
_aMUNICIPALIDAD PROVINCIAL DEL CUSCO _cBIBLIOTECA MUNICIPAL DEL CUSCO |
||
| 082 |
_a335.04 / _bM29 |
||
| 100 |
_aMao-Tse-Tung _915457 |
||
| 245 | _aLa guerra revolucionaria / | ||
| 260 |
_aLima : _bGrijalbo, _c1971. |
||
| 300 |
_a158 paginas : _c19 cm. |
||
| 440 |
_aColección 70 _nTercera serie _935453 |
||
| 505 | _aContenido :Cómo estudiar la guerra --El Partido Comunista de China y la guerra revolucionaria de China --Características de la guerra revolucionaria de China / | ||
| 650 |
_aPartido comunista _92203 |
||
| 650 |
_aMarxismo _924 |
||
| 650 |
_aChina _9843 |
||
| 942 |
_2ddc _cLIBROS |
||
| 945 |
_arjall _d2019-05-02 |
||